| 000 | 01344nam a22002897a 4500 | ||
|---|---|---|---|
| 005 | 20100731112048.0 | ||
| 010 | _aENG-97036 B-423728 | ||
| 020 |
_a9788191052411 _c425.00 |
||
| 035 | _aEN-80569 | ||
| 035 | _a B-423728 | ||
| 037 | _bDBAD/PUB | ||
| 037 | _bAllied Publishers | ||
| 082 | _a307.140954 | ||
| 100 |
_aGolahit, S.B. _932435 |
||
| 245 |
_aRural development programmes in India: _bproblems and prospects / _cby S.B. Golahit |
||
| 260 |
_aNew Delhi _bAltar Publishing House _c2010 |
||
| 270 |
_aL- 9 A, IINd Floor, Street No, 42 Sadatpur Extension _bDelhi _e110094 |
||
| 300 |
_av, 145p. _c22cm (Hb) |
||
| 500 | _aincludes bibliographic and index | ||
| 600 |
_aIndia _932436 |
||
| 600 |
_aRural development projects-Evaluation _932437 |
||
| 600 |
_aRural development programmes _932438 |
||
| 942 |
_2ddc _cEN _h307.140954 _mGOL |
||
| 999 |
_c38372 _d38372 |
||